000 00575nam a22001937a 4500
005 20251108173411.0
008 250721s2003 xx 000 0 ara d
082 1 4 _a415.2/حمل
100 1 _aالحملاوي، أحمد
245 1 0 _aشذا العرف في فن الصرف /
264 1 _aالمنصورة :
_bدار الغد الجديد،
_c2003.
300 _a248 ص
650 1 7 _aاللغة العربية
650 1 7 _aقواعد اللغة
650 1 7 _aعلم الصرف
700 1 _aشتيوي، أحمد أحمد
942 _2ddc
_cBK
999 _c103006
_d103006